00382nam a2200157Ia 450000500170000000800410001702000150005808200130007324500270008626000440011330000200015765000100017765000080018765000090019570000200020420240531031019.0240331s9999 xx 000 0 und d a0195073975 bFEMa340 0aFeminist jurisprudence aNew YorkbOxford University Pressc1993 axii, 625 p .,  aWomen aSex aLaws aSmith, Patricia